1824 1064 1084 1067 1653 1787 1256 1348 1684 1312 1564 1898 1364 1547 1316 1728 1996 1957 1620 1935 1485 1464 1972 1410 1830 1405 1164 1730 1584 1289 1178 1039 1808 1253 1020 1701 1910 1247 1979 1537 1378 1201 1244 1071 1208 1728 1376 1560 1763 1611 1001 1288 1478 1792 1192 1264 1271 1113 1397 1344 1545 1993 1839 1104 1366 1385 1028 1278 1209 1964 1399 1972 1693 1184 1269 1697 1600 1735 1242 1041 1556 1977 1100 1091 1325 1712 1281 1393 1769 1065 1105 1852 1451 1145 1427 1302 1614 1567 1533 BCNSPRNW ULIB Ver.6.0+V

เปลี่ยนเป็นภาษาไทย

Change to English
 แสดงรายละเอียดบรรณานุกรม
  กลับหน้าหลัก

Brief Record : Get Marc (ISO 2709) : E-mail record : QR code < ปิดหน้าต่าง
LEADER : 00000nam 2200000uu 4500
001    13399127440
003     ULIB
008    200525s2018||||th 000 0 tha d
020    ^a9781496355010
060 04 ^aWB354^bI43
245 00 ^aInfusion therapy :^bmade incredibly easy /^cClinicaleditor, Lynn Hadaway
246 31 ^aMade incredibly easy
250    ^a5th ed.
260    ^aPhiladelphia :^bWolters Kluwer,^cc2018
300    ^avii, 456 p. :^bill. ;^c23 cm.
504    ^aIncludes bibliographical references and index
650  2 ^aInfusions, Parenteral^xnursing
650  2 ^aFluid Therapy^xnursing
650  2 ^aParenteral Nutrition^xnursing
700 1  ^aHadaway, Lynn,^eed.
945    ^p0^l0^i28320
999    ^aกัณชพร จุลอักษร
รายการนี้ยังไม่มีแท็ก
คุณยังไม่ได้ล็อกอิน คุณสามารถมีกิจกรรมร่วมกับเว็บไซต์ได้ แต่ต้องล็อกอินก่อน ::
  ล็อกอิน

รายการสื่อสารสนเทศ

ลำดับที่ ประเภท เลขเรียก/บาร์โค้ด สถานที่ สถานะ
1. หนังสือสำรอง
หนังสือสำรอง
WB354 I43 ฉ.1 
  Barcode: 28320
ห้องสมุดวิทยาเขตนครสวรรค์
►หนังสือทั่วไป:l:General Books
บนชั้น

BibComment


ยังไม่เคยถูกคอมเมนท์

คอมเมนท์ทรัพยากรรายการนี้
  คอมเมนท์: Infusion therapy..


 Copyright 2026. Bcnsprnw @Library